| 000 | 00836nam a2200265Ia 4500 | ||
|---|---|---|---|
| 003 | OSt | ||
| 005 | 20220925230805.0 | ||
| 006 | a|||||r|||| 00| 0 | ||
| 007 | ta | ||
| 008 | 220923b |||||||| |||| 00| 0 eng d | ||
| 020 |
_a9781412946506 _c1971.2249999999999 |
||
| 037 |
_b4848, 01/01/2013, RAJKIRAN BOOK AGENCY _cGeneral Book |
||
| 040 |
_aRTL _cRTL _beng |
||
| 041 |
_2eng _aeng |
||
| 082 | _aU, N9;P9/TD | ||
| 100 |
_aHOLT-JENSEN Arild _9292446 |
||
| 245 | 0 |
_aGeography _b History and concepts A student's guide. |
|
| 250 | _a4th | ||
| 260 |
_aLos _bAngeles Sage _c2009 |
||
| 300 |
_axv,264p. Bib: p 236-252 _ccm. |
||
| 500 | _aGlossary: p 212-235 | ||
| 650 | _aGeography | ||
| 942 |
_hU, N9;P9/TD _cGB _2CC |
||
| 999 |
_c586619 _d586619 |
||